Qui est ce personnage secondaire marvel ? (MCU) - Statistiques

Statistiques générales
  • Ce quiz a été pris 48 fois
  • Le résultat moyen est 9 sur 16
Statistiques - réponses
Par images Réponse % Correct
Ned Leeds
95%
Phil Coulson
93%
Maria Hill
80%
Sharon Carter
80%
Korg
73%
Sif
68%
Laura Barton
56%
Nakia
54%
Cassie Lang
49%
Dr Erik Selvig
49%
Luis
44%
Christine Palmer
39%
Kraglin
39%
Everette K Ross
37%
Darcy Lewis
34%
Eleanor Bishop
32%
Aucun quiz correspondant
Distribution des résultats
% des personnes avec chaque résultat
Percentile par nombre de réponses
Votre historique - résultats
Vous n’avez pas pris ce quiz